Thiết kế máy cắt kim loại /

Chương 1: Đại cương về thiết kế máy cắt kim loại

Na minha lista:
Detalhes bibliográficos
Autor principal: Nguyễn Ngọc Cẩn
Formato: Livro
Idioma:Vietnamese
Publicado em: Tp.HCM : Trường đại học Bách Khoa TP. HCM , 2000
Edição:In lần thứ 1
Assuntos:
Tags: Adicionar Tag
Sem tags, seja o primeiro a adicionar uma tag!
Thư viện lưu trữ: Thư viện Trường CĐ Kỹ Thuật Cao Thắng
LEADER 01984nam a2200385 a 4500
001 TVCDKTCT4885
003 Thư viện trường Cao đẳng Kỹ thuật Cao Thắng
005 20170605093447.3
008 060421
980 \ \ |a Thư viện Trường CĐ Kỹ Thuật Cao Thắng 
024 |a RG_1 #1 eb0 i1 
041 0 # |a vie 
082 # # |a 621.815 /   |b NG527C-t 
100 1 # |a Nguyễn Ngọc Cẩn 
245 0 0 |a Thiết kế máy cắt kim loại /   |c Nguyễn Ngọc Cẩn 
250 # # |a In lần thứ 1 
260 # # |a Tp.HCM :   |b Trường đại học Bách Khoa TP. HCM ,   |c 2000 
300 # # |a 297tr. ;   |c 27cm 
520 # # |a Chương 1: Đại cương về thiết kế máy cắt kim loại 
520 # # |a Chương 10: Sử dụng và bảo quản máy công cụ 
520 # # |a Chương 2: Cơ sở thiết kế máy cắt kim loại 
520 # # |a Chương 3: Thiết kế hộp tốc độ 
520 # # |a Chương 4: Thiết kế hộp chạy dao 
520 # # |a Chương 5: Cơ chế truyền động vô cấp 
520 # # |a Chương 6: Thân máy và sóng trượt 
520 # # |a Chương 7: Thiết kế trục chính và ổ trục 
520 # # |a Chương 8: Cơ cấu máy 
520 # # |a Chương 9: Hệ thống bôi trơn và làm nguội 
520 # # |a Tài liệu được biên soạn dựa trên giáo trình "Tính toán, thiết kế máy cắt kim loại" cho chuyên ngành Chế tạo máy trường Đại học Bách khoa Hà Nội và Bách khoa Tp. HCM. Nội dung gồm : 
650 # 4 |a Cơ khí 
650 # 4 |a Hộp tốc độ--Hộp chạy dao--Thân máy--Cơ cấu máy 
650 # 4 |a Máy cắt kim loại--Thiết kế 
721 # # |a CNKT Cơ điện tử 
721 # # |a CNKT Cơ khí 
841 # # |b Kho Sách   |j 100015721, 100015722, 100015723